2025年西安地铁站名(地图版) Xi'an subway station names in 2025 - Statistics

General Stats
  • This quiz has been taken 21 times
  • The average score is 86 of 238
Answers on the Map
Answers color-coded by a green-red scale on the quiz's map according to % correct below.
 
Answer Stats
Group Answer % Correct
换乘站 西安北站
90%
换乘站 钟楼
85%
换乘站 北大街
85%
换乘站 大雁塔
80%
换乘站 市图书馆
80%
2号线 永宁门
80%
换乘站 小寨
75%
换乘站 行政中心
75%
2号线 体育场
75%
2号线 安远门
75%
换乘站 电视塔
70%
换乘站 南稍门
70%
4号线 大明宫
70%
2号线 大明宫西
70%
2号线 纬一街
70%
2号线 草滩
70%
换乘站 五路口
65%
换乘站 大差市
65%
换乘站 建筑科技大学·李家村
65%
6号线 交通大学·兴庆宫
65%
4号线 大唐芙蓉园
65%
4号线 西安站
65%
2号线 龙首原
65%
换乘站 科技路
60%
换乘站 纺织城
60%
4号线 航天新城
60%
3号线 鱼化寨
60%
2号线 韦曲南
60%
2号线 凤城五路
60%
2号线 凤城十路
60%
2号线 北苑
60%
换乘站 青龙寺
55%
换乘站 西北工业大学
55%
6号线 丈八一路
55%
6号线 西安南站
55%
4号线 西安科技大学
55%
4号线 凤城九路
55%
3号线 吉祥村
55%
2号线 三爻
55%
2号线 凤栖原
55%
2号线 航天城
55%
2号线 常宁宫
55%
2号线 红会医院北区
55%
1号线 康复路
55%
14号线(机场线) 机场西(T1、T2、T3)
55%
换乘站 曲江池西
50%
换乘站 省体育馆
50%
6号线 安定门
50%
6号线 西电科大南校区·未来之瞳
50%
4号线 含元殿
50%
3号线 丈八北路
50%
3号线 香湖湾
50%
3号线 北池头
50%
3号线 保税区
50%
1号线 沣河森林公园
50%
换乘站 欢乐谷
45%
换乘站 阿房宫南
45%
换乘站 马腾空
45%
换乘站 余家寨
45%
16号线 诗经里
45%
9号线 秦陵西
45%
9号线 华清池
45%
8号线(环线) 大唐不夜城
45%
6号线 长乐门
45%
6号线 广济街
45%
6号线 桥梓口
45%
6号线 大唐西市
45%
6号线 丈八六路
45%
6号线 造字台
45%
西户线 户县
45%
5号线 创新港
45%
5号线 文艺路
45%
5号线 太乙路
45%
5号线 西安东站
45%
4号线 和平门
45%
4号线 大明宫北
45%
4号线 文景路
45%
4号线 凤城十二路
45%
2号线 何家营
45%
1号线 朝阳门
45%
1号线 咸阳西站
45%
14号线(机场线) 机场T5
45%
换乘站 通化门
40%
6号线 纺二路
40%
6号线 卫星测控中心
40%
6号线 木塔寺
40%
6号线 丈八四路
40%
6号线 西安国际医学中心
40%
5号线 丰庆公园
40%
5号线 边家村
40%
5号线 省人民医院·黄雁村
40%
1号线 半坡
40%
14号线(机场线) 奥体中心
40%
14号线(机场线) 秦宫
40%
换乘站 双寨
35%
换乘站 西安工大·武德路
35%
换乘站 万寿路
35%
换乘站 广泰门
35%
换乘站 延平门
35%
16号线 西安国际足球中心
35%
9号线 香王
35%
8号线(环线) 土门
35%
8号线(环线) 山门口
35%
8号线(环线) 东等驾坡
35%
8号线(环线) 西等驾坡
35%
8号线(环线) 幸福林带北
35%
6号线 纺六路
35%
6号线 穆将王
35%
6号线 甘家寨
35%
6号线 西部大道(西太路口)
35%
6号线 郭杜西
35%
5号线 雁翔路北口
35%
4号线 金滹沱
35%
4号线 市中医医院
35%
3号线 太白南路
35%
3号线 辛家庙
35%
1号线 三桥
35%
14号线(机场线) 渭河南
35%
14号线(机场线) 秦汉新城
35%
14号线(机场线) 空港新城
35%
换乘站 上林路
30%
换乘站 咸宁路
30%
换乘站 万寿南路
30%
换乘站 金光门
30%
9号线 田王
30%
8号线(环线) 木塔寺西
30%
8号线(环线) 寒窑
30%
6号线 仁村
30%
5号线 创新港东
30%
5号线 石桥立交
30%
5号线 黄渠头
30%
5号线 月登阁
30%
5号线 雁鸣湖
30%
4号线 神舟大道
30%
4号线 东长安街
30%
4号线 飞天路
30%
4号线 航天大道
30%
4号线 百花村
30%
4号线 元朔路
30%
3号线 延兴门
30%
3号线 桃花潭
30%
3号线 新筑
30%
1号线 玉祥门
30%
1号线 洒金桥
30%
1号线 陕西中医药大学
30%
14号线(机场线) 北辰
30%
换乘站 开远门
25%
10号线 水流
25%
10号线 昭慧广场
25%
9号线 东三岔
25%
9号线 芷阳广场
25%
8号线(环线) 新开门
25%
8号线(环线) 大风阁
25%
8号线(环线) 光化门
25%
6号线 田家湾
25%
5号线 王寺
25%
5号线 西窑头
25%
4号线 航天东路
25%
3号线 国际港务区
25%
3号线 务庄
25%
3号线 石家街
25%
3号线 长乐公园
25%
3号线 胡家庙
25%
1号线 中华西路
25%
1号线 陈杨寨
25%
1号线 白马河
25%
1号线 后卫寨
25%
1号线 皂河
25%
1号线 长乐坡
25%
1号线 浐河
25%
14号线(机场线) 贺韶
25%
14号线(机场线) 长陵
25%
14号线(机场线) 摆旗寨
25%
14号线(机场线) 艺术中心
25%
换乘站 井上村
20%
16号线 秦创原中心
20%
10号线 帽珥冢
20%
10号线 未央湖
20%
10号线 泾渭半岛
20%
10号线 榆楚
20%
9号线 鹦鹉寺公园
20%
9号线 洪庆
20%
8号线(环线) 科技二路
20%
8号线(环线) 安化门
20%
8号线(环线) 东仪路
20%
8号线(环线) 植物园
20%
8号线(环线) 韩森寨
20%
8号线(环线) 米家崖
20%
8号线(环线) 市第三医院
20%
8号线(环线) 霸城门
20%
8号线(环线) 红庙坡
20%
6号线 公园南路
20%
5号线 翱翔小镇
20%
5号线 高桥
20%
5号线 文教园
20%
5号线 镐京
20%
5号线 斗门
20%
5号线 理工大曲江校区
20%
3号线 浐灞中心
20%
1号线 汉城路
20%
1号线 沣东自贸园
20%
1号线 劳动路
20%
14号线(机场线) 港务大道
20%
14号线(机场线) 文景山公园
20%
16号线 细柳营
15%
16号线 西咸大厦
15%
16号线 复兴大道北
15%
10号线 团结村
15%
10号线 红旗厂
15%
10号线 崇皇
15%
9号线 西工程大·西科大(临潼校区)
15%
9号线 紫霞三路
15%
8号线(环线) 白家口
15%
8号线(环线) 缪家寨
15%
8号线(环线) 北辰东路
15%
8号线(环线) 景曜门
15%
5号线 钓台
15%
5号线 沣西文化公园
15%
5号线 东马坊
15%
5号线 复兴大道南
15%
5号线 汉城南路
15%
4号线 常青路
15%
1号线 枣园
15%
1号线 北槐
15%
1号线 宝泉路
15%
1号线 安谷
15%
14号线(机场线) 新寺
15%
16号线 沣东城市广场
10%
10号线 景家堡
10%
10号线 西堡
10%
10号线 杨官寨
10%
10号线 军庄
10%
10号线 杏王
10%
9号线 银桥大道
10%
9号线 西花园
10%
9号线 凤凰池
10%
9号线 灞柳二路
10%
10号线 鹿苑大道
5%
No matching quizzes found
Score Distribution
Percent of People with Each Score
Percentile by Number Answered
Your Score History
You have not taken this quiz